| 000 | 00688cam a22002054a 4500 | ||
|---|---|---|---|
| 005 | 20250605164045.0 | ||
| 008 | 250528s ||||||||||||||||||||||||d | ||
| 035 | _a17088 | ||
| 020 | _a70204829 | ||
| 040 |
_aGR-AtMCL _bgre _dGR-AtMCL _eAACR2 |
||
| 245 | 1 | _aStatistical Analysis in Psychology and Education / Fifth Edition | |
| 250 | _a5th | ||
| 260 |
_bMcgraw Hill Book Company, _c1988 |
||
| 300 | _a552 | ||
| 520 | _aPreface, Basic Statistics, The Design of Experiments, Nonparametric Statistics, Psychological Test and Multivariate Statistics, References, Appendix Tables, Index. | ||
| 700 | 1 |
_aFerguson George A _93227 |
|
| 942 | _cBK | ||
| 999 |
_c2528 _d2528 |
||